| 000 | 00377nam a22001457a 4500 | ||
|---|---|---|---|
| 003 | MACL | ||
| 005 | 20200129155033.0 | ||
| 008 | 200129b xxu||||| |||| 00| 0 eng d | ||
| 040 | _cMACL | ||
| 100 |
_aSinha, Gunjan Pradhan _977942 |
||
| 245 | _aDharma in Governance : Towards a Welfare | ||
| 260 |
_aDelhi _bAditya Pra _c2018 |
||
| 650 |
_aReligion _977943 |
||
| 942 |
_2ddc _cBK |
||
| 999 |
_c61889 _d61889 |
||